Monetary policy implications of financial frictions in the Czech Republic

Po nedávnej finančnej kríze, ktorá sa v českej ekonomike naplno prejavila v roku 2009, autori ex post analyzujú, nakoľko je možné pozorované udalosti vysvetliť nepriaznivými šokmi vo finančnej oblasti. Autori pracujú s novokeynesiánskym modelom malej otvorenej ekonomiky, ktorý bol pôvodne navrhnutý...

Description complète

Enregistré dans:
Détails bibliographiques
Auteur principal: Ryšánek, Jakub
Autres auteurs: Tonner, Jaromír, Tvrz, Stanislav, Vašíček, Osvald
Format: Chapitre de livre
Langue:anglais
Sujets:
Tags: Ajouter un tag
Pas de tags, Soyez le premier à ajouter un tag!

MARC

LEADER 00000naa a2200000 4500
001 0164786
005 20231010120053.6
041 0 |a eng 
044 |a CZ 
245 1 0 |a Monetary policy implications of financial frictions in the Czech Republic  |c Jakub Ryšánek, Jaromír Tonner, Stanislav Tvrz, Osvald Vašíček 
520 |a Po nedávnej finančnej kríze, ktorá sa v českej ekonomike naplno prejavila v roku 2009, autori ex post analyzujú, nakoľko je možné pozorované udalosti vysvetliť nepriaznivými šokmi vo finančnej oblasti. Autori pracujú s novokeynesiánskym modelom malej otvorenej ekonomiky, ktorý bol pôvodne navrhnutý pre popis švédskej ekonomiky a ktorý zahrňuje mechanizmus finančných frikcií po vzore literatúry finančného akcelerátora. 
610 2 0 |a politika menová 
610 2 0 |a modelovanie ekonometrické 
610 2 0 |a kríza finančná 
610 2 0 |a Česko 
100 1 |a Ryšánek, Jakub 
700 1 |a Tonner, Jaromír 
700 1 |a Tvrz, Stanislav 
700 1 |a Vašíček, Osvald